| 000 | 01150nab a22003377a 4500 | ||
|---|---|---|---|
| 001 | 183 | ||
| 005 | 20251119120213.0 | ||
| 006 | a|||||r|||| 00| 0 | ||
| 007 | c| aa aaaaa | ||
| 008 | 250124b2023 ag |||||o|||| 00| 0 spa d | ||
| 040 | _aAR-EsCIE | ||
| 245 | 1 | 0 | _aEnriquecimiento silvícola con roble pellín y raulí: caracterización a los 16 años |
| 521 | _aSesiones posters | ||
| 650 | 4 |
_aLOPHOZONIA OBLIQUA _9267 |
|
| 650 | 4 |
_aNOTHOFAGUS ALPINA (RAULI) _934 |
|
| 650 | 4 |
_aSUELO FORESTAL _99 |
|
| 650 | 4 |
_aPINUS RADIATA _9373 |
|
| 650 | 4 |
_aCORTE _9374 |
|
| 650 | 4 |
_aLAGO PUELO (CHUBUT, ARGENTINA) _9375 |
|
| 700 | 1 |
_aUrretavizcaya, María Florencia, _d1968- _927 |
|
| 700 | 1 |
_aRago, Melisa, _d1989- _937 |
|
| 700 | 1 |
_aCaselli, Marina, _d1986- _931 |
|
| 700 | 1 |
_aTaladriz, Luciano _9376 |
|
| 700 | 1 |
_aContardi, Liliana T. _q(Liliana Teresa), _928 |
|
| 700 | 1 |
_aGianolini, Stefano _9353 |
|
| 700 | 1 |
_aAlonso, María Virginia, _d1973- _9199 |
|
| 773 |
_tXXX reunión argentina de ecología : libro de resúmenes _gp. 837 _w173 |
||
| 856 | _uhttps://www.asaeargentina.com.ar/docs/rae/XXX_RAE.pdf | ||
| 910 | _aPG20250124 | ||
| 942 |
_2ddc _cCF _n0 |
||
| 999 |
_c183 _d183 |
||